Normal view
MARC view
- فضل،صلاح
Entry Personal Name
001 - CONTROL NUMBER
- control field: 13270
003 - CONTROL NUMBER IDENTIFIER
- control field: JO-AjAnu
005 - DATE AND TIME OF LATEST TRANSACTION
- control field: 20230606072425.0
008 - FIXED-LENGTH DATA ELEMENTS
- fixed length control field: 230606|| aca||aabn | a|a d
040 ## - CATALOGING SOURCE
- Original cataloging agency: JO-AjAnu
- Transcribing agency: JO-AjAnu
100 ## - HEADING--PERSONAL NAME
- Personal name: فضل،صلاح
670 ## - SOURCE DATA FOUND
- Source citation: Work cat.: (JO-AjAnu)6828: فضل،صلاح, author, نظرية البنائية في النقد الأدبي